Normal view
MARC view
- Dr. Syed Hassan Farooq
Entry Personal Name
001 - CONTROL NUMBER
- control field: 27315
003 - CONTROL NUMBER IDENTIFIER
- control field: NUST
005 - DATE AND TIME OF LATEST TRANSACTION
- control field: 20200102162503.0
008 - FIXED-LENGTH DATA ELEMENTS
- fixed length control field: 200102|| aca||aabn | a|a d
040 ## - CATALOGING SOURCE
- Original cataloging agency: NUST
- Transcribing agency: NUST
100 ## - HEADING--PERSONAL NAME
- Personal name: Dr. Syed Hassan Farooq
670 ## - SOURCE DATA FOUND
- Source citation: Work cat.: (NUST): Mohammad Umair 27314, Behavior of Steel Fiber Reinforced High Strength Concrete FRP Confined Columns under Axial Loads /, 2018.
